| 000 | 01054nam a2200289 i 4500 | ||
|---|---|---|---|
| 001 | 186260 | ||
| 003 | SpMaBN | ||
| 005 | 20250825062634.0 | ||
| 008 | 160929s2014 sp aco |||| |dspa d | ||
| 020 | _a978-84-7960-713-5 | ||
| 080 | _a821.134.2-14"19" | ||
| 100 | 1 |
_aGarcía Lorca, Federico, _d1898-1936 _954853 |
|
| 245 | 1 | 0 |
_aFederico García Lorca para niños y jóvenes / _cedición preparada por Eutimio Martín ; ilustraciones de Federico García Lorca. |
| 250 | _a7ª ed. | ||
| 260 |
_aMadrid : _bEdiciones de La Torre, _c2014. |
||
| 300 |
_a138 p. : _bil., retr. ; _c21 cm. |
||
| 490 | 1 |
_aAlba y mayo. Poesía ; _v3 |
|
| 490 | 1 |
_aEdiciones de La Torre ; _v126 |
|
| 650 | 4 |
_aPoesías- _vLibros infantiles. _9142901 |
|
| 655 | 7 |
_aLibros infantiles _2tgfbne _9226786 |
|
| 700 | 1 |
_aMartín, Eutimio. _977295 |
|
| 830 | 1 |
_aAlba y mayo. Poesía ; _v3 _9192509 |
|
| 830 | 1 |
_aEdiciones de La Torre ; _v126 _9192503 |
|
| 852 |
_aES-MaACL _jA-13868 _9193315 _bR.151245 _cDEPO1 _dOlim: N-6868 |
||
| 942 |
_2udc _cMONOGRAFIA |
||
| 999 |
_c186260 _d186260 |
||